[Event "ECC"]
[Site "Rethymnon GRE"]
[Date "2003.09.30"]
[Round "3"]
[White "Fitzpatrick,B"]
[Black "Almasi,Z"]
[Result "0-1"]
[WhiteElo "2052"]
[BlackElo "2655"]

1.e4 c5 2.Nf3 d6 3.d4 cxd4 4.Nxd4 Nf6 5.Nc3 a6 6.g3 Bg4 7.Qd3 Nc6 8.Bg2 Bd7
9.O-O e6 10.a4 Nb4 11.Qe2 Qc7 12.Bd2 Be7 13.g4 g6 14.h3 e5 15.Nb3 Be6 16.Rfc1 h5
17.g5 Nh7 18.Nd5 Nxd5 19.exd5 Bf5 20.f4 O-O 21.fxe5 Nxg5 22.h4 Nh7 23.exd6 Bxd6
24.Ba5 b6 25.Be1 Rfe8 26.Qf2 Nf6  0-1

[Event "ECC Women"]
[Site "Rethymnon GRE"]
[Date "2003.10.01"]
[Round "4"]
[White "Zatulovskaya,T"]
[Black "Gretarsdottir,L"]
[Result "1/2-1/2"]
[WhiteElo "2178"]
[BlackElo "2058"]

1.e4 c5 2.Nf3 d6 3.d4 cxd4 4.Nxd4 Nf6 5.Nc3 a6 6.g3 e5 7.Nb3 Be6 8.Bg2 Nbd7
9.O-O Be7 10.h3 Rc8 11.Be3 b5 12.a3 Nb6 13.Nd2 O-O 14.Kh2 Rxc3 15.bxc3 Na4
16.c4 bxc4 17.c3 Qa5 18.Qc2 Nxc3 19.Rfc1 Ne2 20.Nxc4 Bxc4 21.Qxc4 Nxc1 22.Rxc1 Qxa3
23.Rb1 Bd8 24.Rb7 h6 25.Bc1 a5 26.Rb5 Qa1  1/2-1/2

[Event "ECC Women"]
[Site "Rethymnon GRE"]
[Date "2003.10.02"]
[Round "5"]
[White "Makka,I"]
[Black "Gretarsdottir,L"]
[Result "1/2-1/2"]
[WhiteElo "2275"]
[BlackElo "2058"]

1.e4 c5 2.Nf3 d6 3.d4 cxd4 4.Nxd4 Nf6 5.Nc3 a6 6.g3 e5 7.Nde2 Be6 8.Bg2 Nbd7
9.O-O b5 10.h3 Be7 11.Be3 Nb6 12.b3 Rc8 13.a4 b4 14.Na2 a5 15.c3 bxc3 16.Naxc3 Nbd7
17.Nd5 Nxd5 18.exd5 Bf5 19.Rc1 O-O 20.Qd2 Nc5 21.Bxc5 dxc5 22.Rc4 Rb8 23.Qc3 Bd6
24.Re1 Re8 25.Nc1 Qb6 26.Kh2 Bg6 27.Be4 f5 28.Bc2 e4 29.Ne2 h6 30.Nf4 Bf7
31.Qd2 Re5 32.f3 g5 33.Ne6 Bxe6 34.dxe6 Qc7 35.fxe4 Rxe6 36.Qd5 Bxg3+ 37.Kg2 Re8
38.Re2 Kh8 39.Rxc5 Qf4 40.Qxf5 Qxf5 41.Rxf5 Bc7 42.Ref2 Be5 43.Bd3 Bc3 44.Rf7 R8e7
45.Rf8+ Kg7 46.Bc4 Rxe4 47.Rg8+ Kh7 48.Rc8 Re3 49.Rff8 Bg7 50.Rfd8 h5 51.Rd6 Re8
52.Bd3+ Kg8 53.Rc7 R3e7 54.Bg6  1/2-1/2

[Event "ECC"]
[Site "Rethymnon GRE"]
[Date "2003.10.02"]
[Round "5"]
[White "Souleidis,G"]
[Black "Palliser,R"]
[Result "0-1"]
[WhiteElo "2382"]
[BlackElo "2438"]

1.e4 c5 2.Nf3 d6 3.d4 cxd4 4.Nxd4 Nf6 5.Nc3 a6 6.g3 e5 7.Nde2 Nbd7 8.Bg2 b5
9.O-O Bb7 10.h3 Rc8 11.g4 Nc5 12.Ng3 g6 13.f4 exf4 14.Bxf4 Ne6 15.Be3 Nd7
16.a4 bxa4 17.Nd5 Bg7 18.Rxa4 O-O 19.b3 Bxd5 20.exd5 Nec5 21.Raf4 a5 22.Bd4 Bh6
23.R4f2 Qh4 24.Qf3 Rce8 25.Re2 Rxe2 26.Nxe2 f5 27.gxf5 Rxf5 28.Qg3 Rxf1+
29.Kxf1 Qe7 30.Nc3 Bg7 31.Bxg7 Kxg7 32.Nb5 Ne5 33.Nd4 Qf6+ 34.Kg1 Ned3 35.Nc6 Nf4
36.Kh2 a4 37.bxa4 Nxa4 38.c4 Nc5 39.Qe3 Qg5 40.Bf1 Qf6 41.Bg2 Ncd3 42.Nd4 Ne5
43.Kg1 Kf7 44.Bf1 Qg5+ 45.Kf2 Qh4+ 46.Kg1 Nxh3+ 47.Qxh3 Qxd4+ 48.Kh1 Kg7
49.Qe6 Qh4+ 50.Bh3 Qe1+ 51.Kg2 Qe4+ 52.Kf1 Qxc4+  0-1

[Event "ECC"]
[Site "Rethymnon GRE"]
[Date "2003.10.04"]
[Round "7"]
[White "Timofeev,Ar"]
[Black "Kempinski,R"]
[Result "1/2-1/2"]
[WhiteElo "2575"]
[BlackElo "2565"]

1.e4 c5 2.Nf3 d6 3.d4 cxd4 4.Nxd4 Nf6 5.Nc3 a6 6.g3 e6 7.Bg2 Be7 8.O-O O-O
9.a4 Qc7 10.Be3 Nc6 11.f4 Na5 12.Kh1 Rd8 13.Qe2 Nc4 14.Bc1 e5 15.Nf5 Bxf5
16.exf5 d5 17.b3 Na5 18.Qxe5 Bd6 19.Qd4 Nc6 20.Qd2 Bb4 21.Qd3 Bc5 22.Bb2 Nb4
23.Qd2 Bf8 24.Rac1 Rac8 25.Ne2 Ne4 26.Qd1 Na2 27.Be5 Qb6 28.Ra1 Nb4 29.a5 Qh6
30.c3 Nc6 31.b4 Nxe5 32.fxe5 Qe3 33.Qe1 Nxc3 34.Nxc3 Rxc3 35.Rd1 Bxb4 36.Qxe3 Rxe3
37.Bxd5 Kf8 38.e6 Re5 39.Bxb7 Rxd1 40.Rxd1 fxe6 41.fxe6 Rxe6 42.Rd8+ Ke7
43.Ra8  1/2-1/2

[Event "Tatry Open"]
[Site "Tatranske Zruby SVK"]
[Date "2003.10.04"]
[Round "9"]
[White "Strasil,P"]
[Black "Kracik,D"]
[Result "1-0"]
[WhiteElo "2156"]
[BlackElo "2029"]

1.e4 c5 2.Nf3 d6 3.d4 cxd4 4.Nxd4 Nf6 5.Nc3 a6 6.g3 e5 7.Nde2 Be6 8.Bg2 Be7
9.O-O O-O 10.Kh1 Nc6 11.Nd5 Bxd5 12.exd5 Nb8 13.a4 Nbd7 14.a5 Ne8 15.c4 f5
16.f4 Rc8 17.b3 Bf6 18.fxe5 Bxe5 19.Ra2 Rc5 20.Bd2 g6 21.Bb4 Rc8 22.Nd4 Ng7
23.Ne6 Nxe6 24.dxe6 Nc5 25.Rd2 Qe7 26.Re1 Kh8 27.Rd4 Rfd8 28.Bxc5  1-0

[Event "Artic Cup u16"]
[Site "Salekhard RUS"]
[Date "2003.10.05"]
[Round "1"]
[White "Potapov,P"]
[Black "Rozhkov,V"]
[Result "1-0"]
[WhiteElo "2267"]
[BlackElo "2109"]

1.e4 c5 2.Nf3 d6 3.d4 cxd4 4.Nxd4 Nf6 5.Nc3 a6 6.g3 e5 7.Nde2 Be7 8.Bg2 O-O
9.O-O Be6 10.h3 Nbd7 11.g4 b5 12.Ng3 b4 13.Nd5 Bxd5 14.exd5 Rc8 15.Bd2 a5
16.a3 bxa3 17.Rxa3 Rc5 18.Nf5 Re8 19.Be3 g6 20.Nxe7+ Rxe7 21.Bxc5 Nxc5 22.Qd2 Rb7
23.b3 Rb4 24.Rfa1 Nb7 25.Rxa5 Qb6 26.Ra6 Qd4 27.Qxd4 exd4 28.R1a4 Rb5 29.Rxd4  1-0

[Event "Arctic Cup u16"]
[Site "Salekhard RUS"]
[Date "2003.10.07"]
[Round "3"]
[White "Potapov,P"]
[Black "Michielsen,J"]
[Result "0-1"]
[WhiteElo "2267"]
[BlackElo "2218"]

1.e4 c5 2.Nf3 d6 3.d4 cxd4 4.Nxd4 Nf6 5.Nc3 a6 6.g3 e5 7.Nde2 b5 8.Bg2 Bb7
9.h3 Nbd7 10.g4 Nb6 11.Nd5 Rc8 12.Nxf6+ Qxf6 13.O-O h5 14.g5 Qg6 15.Ng3 h4
16.Nf5 d5 17.f4 dxe4 18.fxe5 Nc4 19.Qe2 Rc5 20.b3 Rxe5 21.Qg4 Bc5+ 22.Kh1 Nd6
23.Nxd6+ Bxd6 24.Bf4 f5 25.Qe2 O-O 26.Qf2 e3 27.Qe2 Bxg2+ 28.Kxg2 Re4 29.Bxd6 Qxd6
30.Kh1 Qd5 31.Kg1 f4 32.g6 Qf5 33.Rf3 Rd8 34.Qg2 e2 35.Re1 Rd1 36.Qf2 Qxg6+
37.Kh1 Qg3 38.Rxg3 hxg3 39.Qg1 Rxe1 40.Qxe1 f3  0-1

[Event "ch-Africa"]
[Site "Abuja NGR"]
[Date "2003.10.11"]
[Round "2"]
[White "Shabash,A"]
[Black "Chumfwa,S"]
[Result "0-1"]
[WhiteElo "2161"]
[BlackElo "2318"]

1.e4 c5 2.Nf3 d6 3.d4 cxd4 4.Nxd4 Nf6 5.Nc3 a6 6.g3 Bg4 7.f3 Bd7 8.Nb3 Nc6
9.Be3 e6 10.a4 b6 11.Qd2 Bc8 12.Bg2 Be7 13.f4 Bb7 14.h3 O-O 15.O-O Qc7 16.Rad1 Rfe8
17.Qf2 Nd7 18.Rd2 Bf8 19.Rfd1 Rad8 20.g4 Nc5 21.g5 Na5 22.Nxa5 bxa5 23.Kh1 Bc6
24.Kh2 Nd7 25.b3 Rc8 26.Ne2 Rcd8 27.Ng3 Bb7 28.h4 Bc6 29.Qe2 Qb7 30.Qg4 Rc8
31.h5 g6 32.hxg6 fxg6 33.Qe2 Rc7 34.Qf2 Rcc8 35.e5 Bxg2 36.Qxg2 Qxg2+ 37.Kxg2 d5
38.c4 Nc5 39.Bxc5 Bxc5 40.cxd5 Be3 41.Ne4 Bxd2 42.Rxd2 Red8 43.d6 Kg7 44.Kf3 Rc1
45.Kg2 Kf7 46.Rd3 Rb8 47.d7 Ke7 48.Nf6 Rb1 49.Kf2 Rb2+ 50.Ke3 Kd8 51.Nxh7 R2xb3
52.Nf8 Rxd3+ 53.Kxd3 Ke7 54.Nxg6+ Kxd7 55.f5 exf5 56.Nf4 Rb3+ 57.Ke2 Rb4
58.Kf3 Rxa4 59.g6 Ke7 60.Nd5+ Kf8 61.Ne3 Re4 62.g7+ Kg8 63.Nxf5 Rxe5 64.Kf4 Rxf5+
65.Kxf5 a4 66.Ke4 a3 67.Kd4  0-1

[Event "ch-Africa"]
[Site "Abuja NGR"]
[Date "2003.10.14"]
[Round "6"]
[White "Chahrani,I"]
[Black "Adu,O"]
[Result "1-0"]
[WhiteElo "2246"]
[BlackElo "2268"]

1.e4 c5 2.Nf3 d6 3.d4 cxd4 4.Nxd4 Nf6 5.Nc3 a6 6.g3 e5 7.Nde2 b5 8.Bg2 Bb7
9.h3 Nbd7 10.g4 b4 11.Nd5 Nxd5 12.exd5 Be7 13.Ng3 g6 14.Bh6 Rc8 15.Qd2 Rc4
16.O-O Qc8 17.Bg7 Rg8 18.Qh6 Rxg7 19.Qxg7 Nf8 20.Be4 Bh4 21.Rae1 Qc5 22.Kh2 Bg5
23.f4 Bxf4 24.Rxf4 exf4 25.Bg2+ Kd8 26.Qxf8+ Kc7 27.Qxf7+ Kb6 28.Ne4 Bxd5
29.Qxf4 Rxc2 30.Rg1 Qc6 31.Nd2 Ka5 32.a3 Rxb2 33.axb4+ Kb5 34.Bf1+  1-0

[Event "300 Years"]
[Site "St Petersburg RUS"]
[Date "2003.10.18"]
[Round "1"]
[White "Amonatov,F"]
[Black "Grabinsky,V"]
[Result "1-0"]
[WhiteElo "2557"]
[BlackElo "2361"]

1.e4 c5 2.Nf3 d6 3.d4 cxd4 4.Nxd4 Nf6 5.Nc3 a6 6.g3 e6 7.Bg2 Be7 8.O-O Qc7
9.f4 O-O 10.Kh1 Nc6 11.Be3 Re8 12.e5 dxe5 13.Nxc6 bxc6 14.fxe5 Nd5 15.Nxd5 exd5
16.Rxf7 Be6 17.Rf1 Qxe5 18.Bd4 Qg5 19.Qd3 Rf8 20.Rfe1 Bf5 21.Qc3 Be4 22.Bxe4 dxe4
23.Qxc6 Rad8 24.Qxe4 Bf6 25.Bxf6 Qxf6 26.c3 Rd2 27.Re2 Rxe2 28.Qxe2 Qc6+
29.Qg2 Qb6 30.Re1  1-0

[Event "CCAS Open"]
[Site "Cap d'Agde FRA"]
[Date "2003.10.23"]
[Round "1"]
[White "Fontaine,R"]
[Black "Guyard,R"]
[Result "1-0"]
[WhiteElo "2526"]
[BlackElo "2143"]

1.e4 c5 2.Nf3 d6 3.d4 cxd4 4.Nxd4 Nf6 5.Nc3 a6 6.g3 Bd7 7.Bg2 Nc6 8.Nde2 g6
9.O-O Bg7 10.h3 O-O 11.Be3 Rb8 12.b3 b5 13.Qd2 Ne5 14.f4 Nc6 15.Rad1 Qc8
16.g4 Rd8 17.Nd5 Be8 18.g5 Nd7 19.Nd4 Kf8 20.Nxc6 Qxc6 21.Nxe7 Kxe7 22.e5 d5
23.Qb4+ Ke6 24.Bxd5+ Qxd5 25.Rxd5 Kxd5 26.Qd6+  1-0

[Event "WYg18"]
[Site "Halkidiki GRE"]
[Date "2003.10.23"]
[Round "1"]
[White "Makka,E"]
[Black "Huang Qian"]
[Result "0-1"]
[WhiteElo "2085"]
[BlackElo "2352"]

1.e4 c5 2.Nf3 d6 3.d4 cxd4 4.Nxd4 Nf6 5.Nc3 a6 6.g3 e5 7.Nde2 Be7 8.Bg2 O-O
9.O-O b5 10.a3 Bb7 11.h3 Nbd7 12.g4 Nb6 13.Ng3 d5 14.g5 Nxe4 15.Ncxe4 dxe4
16.Qg4 Qc8 17.Nf5 Re8 18.Bxe4 Bxe4 19.Qxe4 Bf8 20.Kg2 Qe6 21.Ne3 Rad8 22.b3 Rd4
23.Qf5 Qc6+ 24.Qf3 e4 25.Qg3 Rd7 26.Bb2 Nd5 27.Ng4 Qxc2 28.Bxg7 Kxg7 29.Rad1 e3
30.Nf6 Nxf6 31.gxf6+ Kh8 32.Rxd7 Qc6+ 33.Kh2 Qxd7 34.Rg1 Qd6 35.f4 Bh6  0-1

[Event "WYg18"]
[Site "Halkidiki GRE"]
[Date "2003.10.26"]
[Round "4"]
[White "Zdebskaja,N"]
[Black "Czaeczine,A"]
[Result "1-0"]
[WhiteElo "2331"]
[BlackElo "2141"]

1.e4 c5 2.Nf3 d6 3.d4 cxd4 4.Nxd4 Nf6 5.Nc3 a6 6.g3 Nc6 7.Bg2 Bd7 8.O-O e6
9.Re1 Be7 10.Nxc6 Bxc6 11.Bf4 Rc8 12.Nd5 Bxd5 13.exd5 e5 14.Be3 O-O 15.Bh3 Nd7
16.f4 Bf6 17.c3 Qc7 18.a4 Rce8 19.f5 e4 20.Bg2 Ne5 21.Bd4 Nd3 22.Rxe4 Rxe4
23.Bxe4 Nxb2 24.Qf3 Bxd4+ 25.cxd4 Qc4 26.Qe3 Nxa4 27.Rc1 Qb4 28.f6 gxf6 29.Rf1 Nc3
30.Bd3 Qa4 31.Qf4 Nb5 32.Bxb5 Qxb5 33.Qxf6 Qd7 34.Rf5 Rc8 35.g4 Kf8 36.Qh8+ Ke7
37.Qxh7 Rf8 38.Qh4+ f6 39.Rf4 Qd8 40.Qh7+ Rf7 41.Re4+  1-0

[Event "ch-UKR w"]
[Site "Nikolaev UKR"]
[Date "2003.11.10"]
[Round "7"]
[White "Vozovic,O"]
[Black "Aslanian,L"]
[Result "0-1"]
[WhiteElo "2330"]
[BlackElo "2193"]

1.e4 c5 2.Nf3 d6 3.d4 cxd4 4.Nxd4 Nf6 5.Nc3 a6 6.g3 e6 7.Bg2 Qc7 8.O-O Be7
9.a4 Nc6 10.Nde2 O-O 11.h3 Rb8 12.g4 b5 13.axb5 axb5 14.Ng3 b4 15.Nce2 d5
16.exd5 Rd8 17.Bf4 Bd6 18.Bg5 exd5 19.Bxf6 gxf6 20.Nh5 Be7 21.Qd2 Qe5 22.f4 Qd6
23.f5 Kh8 24.Rfd1 d4 25.Neg3 Ne5 26.Ne4 Qb6 27.Qh6 d3+ 28.Kh1 Bf8 29.Qxf6+ Qxf6
30.Nexf6 Bc5 31.Be4 Bb7 32.Bxb7 dxc2 33.Rdc1 b3 34.Be4 Bd4 35.Rxc2 bxc2 36.Bxc2 Rxb2
37.Be4 Rd2 38.Rb1 Bb2 39.g5 Nd3 40.Bxd3 R8xd3 41.Nf4 Rd1+ 42.Rxd1 Rxd1+ 43.Kg2 Bxf6
44.gxf6 Rd6 45.Nh5 Rd5 46.Ng3 Rd3 47.h4 Kg8 48.Nh5 Kf8 49.Ng7 Rd6 50.Nh5 Ke8
51.Kf3 Rd4 52.Nf4 Kd7 53.Kg4 h6 54.Kf3 Kd6 55.Ke3 Ra4 56.Kf3 Ke5 57.Ng6+ Kxf5  0-1

[Event "ch-UKR"]
[Site "Simferopol UKR"]
[Date "2003.11.12"]
[Round "9"]
[White "Sharapov,E"]
[Black "Karjakin,Sergey"]
[Result "0-1"]
[WhiteElo "2350"]
[BlackElo "2562"]

1.e4 c5 2.Nf3 d6 3.d4 cxd4 4.Nxd4 Nf6 5.Nc3 a6 6.g3 e5 7.Nb3 b5 8.Bg5 Be7
9.Bxf6 Bxf6 10.a4 bxa4 11.Rxa4 O-O 12.Bg2 Be7 13.Nd5 Bd7 14.Ra3 Nc6 15.O-O a5
16.Qa1 Re8 17.c3 Ra7 18.Nd2 Qb8 19.Nc4 Bd8 20.b4 axb4 21.cxb4 Rxa3 22.Qxa3 Nd4
23.Ra1 Bb5 24.Bf1 Bxc4 25.Bxc4 Qc8 26.Qd3 h5 27.Kg2 h4 28.h3 Qb7 29.Qa3 Bg5
30.b5 hxg3 31.fxg3 Rc8 32.Qd3 Ra8 33.Rf1 Kh8 34.Qd1 g6 35.h4 Bh6 36.Nf6 Qc7
37.Bd5 Ra3 38.Qb1 Bf4 39.gxf4 Qc3  0-1

[Event "VIII Mirko Srajber Mem"]
[Site "Subotica SCG"]
[Date "2003.11.30"]
[Round "3"]
[White "Lupulescu,C"]
[Black "Popovic,Du"]
[Result "1-0"]
[WhiteElo "2499"]
[BlackElo "2448"]

1.e4 c5 2.Nf3 d6 3.d4 cxd4 4.Nxd4 Nf6 5.Nc3 a6 6.g3 e5 7.Nde2 Be7 8.Bg2 O-O
9.h3 Nbd7 10.g4 b5 11.Ng3 b4 12.Nd5 Nxd5 13.exd5 a5 14.O-O Nc5 15.Be3 Na4
16.Rb1 Bg5 17.f4 exf4 18.Bxf4 Ra7 19.Qd4 Bxf4 20.Rxf4 Re7 21.a3 Rb7 22.c3 Nc5
23.axb4 axb4 24.cxb4 Na6 25.Qc3 Qb6+ 26.Kh2 Nxb4 27.Nh5 f6 28.Rc4 Bd7 29.Nf4 Na2
30.Qd2 Qb3 31.Rc6 Ra7 32.Ne6 Re8 33.Nd4 Qb8 34.b4 Ra4 35.Rc2 Qa7 36.Nc6 Qe3
37.Rxa2 Rxa2 38.Qxa2 h5 39.Qb3 Qg5 40.Qg3 hxg4 41.h4 Qd2 42.Rb3 Re2 43.Kg1 f5
44.Bf1 Re1 45.Qf2 Qd1 46.Re3 Rxe3 47.Qxe3 Kh7 48.Nd4 g3 49.Kg2 Qg4 50.Nf3 f4
51.Qe7 Bf5 52.Qg5  1-0

[Event "TCh-BEL 2003-4"]
[Site "Belgium BEL"]
[Date "2003.12.08"]
[Round "4"]
[White "Geirnaert,S"]
[Black "Cools,G"]
[Result "1-0"]
[WhiteElo "2307"]
[BlackElo "2308"]

1.e4 c5 2.Nf3 d6 3.d4 Nf6 4.Nc3 cxd4 5.Nxd4 a6 6.g3 b5 7.Bg2 Bb7 8.O-O e6
9.Re1 Qc7 10.a4 bxa4 11.Nd5 exd5 12.exd5+ Kd8 13.Bg5 Nd7 14.Qe2 Qb6 15.Rxa4 h6
16.Qe8+ Kc7 17.Rc4+ Qc5 18.Rxc5+ dxc5 19.Bf4+ Kb6 20.Qxf7 cxd4 21.d6 Bxg2
22.Kxg2 Rc8 23.Qb3+ Ka7 24.Qa4 Nb6 25.Qxd4 Rxc2 26.Ra1 Nd5 27.Be5 Rc4 28.Qd3 Nb4
29.Qg6  1-0

[Event "It Resort and Casino"]
[Site "Decameron DOM"]
[Date "2003.12.08"]
[Round "4"]
[White "Alvarado,N"]
[Black "Zapata,A"]
[Result "0-1"]
[WhiteElo "2318"]
[BlackElo "2472"]

1.e4 c5 2.Nf3 d6 3.d4 cxd4 4.Nxd4 Nf6 5.Nc3 a6 6.g3 Bg4 7.f3 Bd7 8.Be3 Nc6
9.Qd2 e6 10.g4 Nxd4 11.Bxd4 Bc6 12.O-O-O b5 13.g5 Nd7 14.Kb1 Ne5 15.Qf2 Qb8
16.f4 Nd7 17.Bg2 b4 18.Ne2 Qb7 19.Ng3 h5 20.h4 e5 21.Be3 g6 22.f5 Be7 23.f6 Bd8
24.Rxd6 Bc7 25.Rd2 Nb6 26.Bc5 Na4 27.Be7 Bb6 28.Qf3 Bd4 29.Rxd4 exd4 30.Ka1 Qb8
31.Qd3 Qe5 32.Rd1 Ra7 33.Qxd4 Qxd4 34.Rxd4 Rxe7 35.fxe7 Kxe7 36.Rxb4 Rd8
37.a3 Rd1+ 38.Ka2 Rg1 39.Bf1 Rxg3 40.Bxa6 Nc5 41.Rc4 Kd6 42.Rd4+ Kc7 43.Bc4 Ne6
44.Rd2 Bxe4 45.b4 Rh3 46.Rf2 Bf5 47.Bd3 Rxh4 48.Bxf5 gxf5 49.Kb2 Rf4 50.Rh2 h4
51.c3 Nxg5 52.a4 h3 53.a5 Rg4 54.Kb3 Rg2 55.Rh1 h2 56.b5 Nf3  0-1

[Event "TCh-BEL 2003-4"]
[Site "Belgium BEL"]
[Date "2003.12.14"]
[Round "1"]
[White "Geirnaert,S"]
[Black "Naiditsch,A"]
[Result "0-1"]
[WhiteElo "2307"]
[BlackElo "2578"]

1.e4 c5 2.Nf3 d6 3.d4 cxd4 4.Nxd4 Nf6 5.Nc3 a6 6.g3 e5 7.Nde2 b5 8.Bg2 Nbd7
9.O-O Be7 10.h3 Nb6 11.g4 h5 12.g5 Nfd7 13.f4 h4 14.Nd5 Nxd5 15.exd5 O-O
16.Kh1 Bb7 17.Nc3 exf4 18.Bxf4 Bxg5 19.Bxd6 Re8 20.Bf4 Ne5 21.Qh5 Bf6 22.b4 Nd7
23.Be4 Nf8 24.Bg5 Rxe4 25.Bxf6 Qe8 26.Bxh4 Ng6 27.Bg3 Re3 28.Rae1 Rc8 29.Nd1 Qe4+  0-1

[Event "TCh-BEL 2003-4"]
[Site "Belgium BEL"]
[Date "2003.12.23"]
[Round "5"]
[White "Popovic,Pe"]
[Black "Van Beers,E"]
[Result "1-0"]
[WhiteElo "2503"]
[BlackElo "2431"]

1.e4 c5 2.Nf3 d6 3.d4 cxd4 4.Nxd4 Nf6 5.Nc3 a6 6.g3 e5 7.Nb3 Be7 8.Bg2 b5
9.O-O Bb7 10.Bd2 Nbd7 11.Re1 O-O 12.a4 Nc5 13.Nxc5 dxc5 14.axb5 axb5 15.Rxa8 Qxa8
16.Nxb5 Nxe4 17.Nc7 Qc8 18.Ba5 Rd8 19.Qe2 Rd4 20.Nb5 Ra4 21.Nc3 Rxa5 22.Bxe4 c4
23.Rd1 Rc5 24.Bd5 Bxd5 25.Rxd5 Qe6 26.Rxc5 Bxc5 27.Ne4 Bf8 28.c3 Qb6 29.g4 Qb5
30.b4 Qa4 31.Kg2 Qb3 32.Qd2 h6 33.Qd5 Qc2 34.Qxc4 Qd1 35.h3 h5 36.Ng5 Qd7
37.gxh5 Qf5 38.Qg4 Qd3 39.Qf3 Qd7 40.Qe4 f5 41.Qc4+ Kh8 42.Nf7+ Kh7 43.Nxe5 Qe8
44.Ng6 Qa8+ 45.Kg1 Bd6 46.Qd3 Qa1+ 47.Kg2 Qa8+ 48.Qf3 Qc8 49.Qd5  1-0

[Event "ch-Arab w"]
[Site "Cairo EGY"]
[Date "2003.12.28"]
[Round "9"]
[White "Al Rufei,EH"]
[Black "Mouradian,K"]
[Result "1-0"]
[WhiteElo "2076"]
[BlackElo "2104"]

1.e4 c5 2.Nf3 d6 3.d4 cxd4 4.Nxd4 Nf6 5.Nc3 a6 6.g3 e5 7.Nde2 b5 8.Bg2 Bb7
9.O-O Be7 10.h3 Nbd7 11.g4 Nc5 12.Ng3 O-O 13.Re1 g6 14.Kh2 Ne6 15.Rg1 Nf4
16.Bh1 Rc8 17.Qf3 b4 18.Nce2 Nxe2 19.Qxe2 Qc7 20.Bh6 Rfd8 21.Nf5 Bf8 22.Bg5 Bg7
23.Nxg7 Kxg7 24.Qe3 Re8 25.Rac1 Qc5 26.Qxc5 Rxc5 27.Rge1 Rec8 28.Re2 h6 29.Bd2 a5
30.c3 a4 31.Rce1 Ba6 32.Re3 bxc3 33.Bxc3 Bc4 34.a3 Bb3 35.R1e2 Nd7 36.Rd2 R5c6
37.Red3 Nb6 38.Rxd6 Nc4 39.Rxc6 Rxc6 40.Rd7 Kf6 41.Rb7 Nxa3 42.Bg2 Nc4 43.f4 Ke6
44.fxe5 Nxe5 45.Rb5 Nd7 46.e5 Rc5 47.Rb7 Nxe5 48.Bb4 Rc2 49.Re7+ Kf6 50.Re8  1-0

[Event "33rd Rilton Cup"]
[Site "Stockholm SWE"]
[Date "2003.12.29"]
[Round "3"]
[White "Fontaine,R"]
[Black "Eriksson,Joh"]
[Result "0-1"]
[WhiteElo "2526"]
[BlackElo "2414"]

1.e4 c5 2.Nf3 d6 3.d4 cxd4 4.Nxd4 Nf6 5.Nc3 a6 6.g3 e5 7.Nb3 Be7 8.Bg2 b5
9.O-O O-O 10.Bd2 Bg4 11.Qc1 Nbd7 12.h3 Be6 13.Nd5 Bxd5 14.exd5 Nb6 15.Na5 Qd7
16.Rd1 Nbxd5 17.Be1 e4 18.b3 Rac8 19.c4 Bd8 20.g4 b4 21.g5 Qf5 22.gxf6 Nf4
23.Qe3 Re8 24.Rd5 Nxd5 25.cxd5 Bxa5 26.fxg7 Qxd5 27.Qe2 Qe5 28.Rd1 d5 29.a3 d4
30.axb4 Bc7 31.Rc1 e3 32.fxe3 dxe3 33.Rc5 Qh2+ 34.Kf1 Qf4+ 35.Kg1 Bd6 36.Rc4 Qh2+
37.Kf1 Rxc4 38.bxc4 Qf4+ 39.Kg1 Re6 40.Bc3 Qh2+ 41.Kf1 Qf4+ 42.Kg1 Be5 43.Bxe5 Rxe5
44.b5 axb5 45.cxb5 Qf2+ 46.Qxf2 exf2+ 47.Kxf2 Rxb5 48.Bf3 Kxg7 49.Kg3 Rb4
50.h4 f5  0-1

[Event "10th Open"]
[Site "Bosnjaci CRO"]
[Date "2004.01.05"]
[Round "5"]
[White "Ljubic,J"]
[Black "Muslija,I"]
[Result "0-1"]
[WhiteElo "2241"]
[BlackElo "2209"]

1.e4 c5 2.Nf3 d6 3.d4 cxd4 4.Nxd4 Nf6 5.Nc3 a6 6.g3 b5 7.Bg2 Bb7 8.O-O e5
9.Nf5 b4 10.Nd5 Nxd5 11.exd5 Bc8 12.Ne3 Be7 13.a3 bxa3 14.Rxa3 O-O 15.Nc4 f5
16.Nxe5 dxe5 17.d6 Ra7 18.dxe7 Qxe7 19.Re1 Rd7 20.Rd3 Rxd3 21.cxd3 Qd6 22.Qe2 Nc6
23.Bd2 Re8 24.Bc3 Bb7 25.Qe3 Re7 26.Qb6 h6 27.Rxe5 Rxe5 28.Bxe5 Qxe5 29.Qxb7 Nd4
30.Qd5+ Qxd5 31.Bxd5+ Kf8 32.f3 Ke7 33.Kf2 Kd6 34.Bb7 a5 35.Ke3 Nc2+ 36.Kf4 g6
37.Ba6 Ke6 38.h4 Kf6 39.g4 g5+ 40.hxg5+ hxg5+ 41.Kg3 f4+ 42.Kf2 Ke5 43.Bb7 Kd4
44.Ke2 Na1 45.Ba6 Nb3 46.Bc4 Nc5 47.Kd2 Na4 48.Bb5 Nc5 49.Bc4 Nd7 50.Ke2 Ne5
51.Ba6 Nd7 52.Kd2 Nb6 53.Bb7 Na4 54.Bc6 Nxb2 55.Bb5 a4 56.Kc2 a3 57.Ba6 Na4
58.Bc4 Nc5  0-1

[Event "TCh-AUT 2003-4"]
[Site "Velden AUT"]
[Date "2004.01.22"]
[Round "4"]
[White "Atlas,V"]
[Black "Stangl,M"]
[Result "1/2-1/2"]
[WhiteElo "2471"]
[BlackElo "2493"]

1.e4 c5 2.Nf3 d6 3.d4 cxd4 4.Nxd4 Nf6 5.Nc3 a6 6.g3 e5 7.Nb3 Be7 8.Bg2 O-O
9.O-O b5 10.a4 b4 11.Nd5 Nxd5 12.exd5 Bf5 13.f4 Qc8 14.Rf2 Bf6 15.fxe5 Bxe5
16.Nd4 Bh3 17.Be3 Bxg2 18.Kxg2 Qc4 19.Qf3 Bxd4 20.Qe4 Nd7 21.Qxd4 Rac8 22.b3 Qxd4
23.Bxd4 Rfe8 24.Rd1 Re4 25.Rdd2 g6 26.Rfe2 Rce8 27.Kf3 f5 28.h3 Kf7 29.Rxe4 Rxe4
30.Be3 Kf6 31.Rd4 Ke5 32.Rd1 Kf6 33.Rd4 Ke5 34.Rd1 Kf6  1/2-1/2

[Event "12th Fajr Open"]
[Site "Isfahan IRI"]
[Date "2004.02.09"]
[Round "5"]
[White "Ghaem Maghami,E"]
[Black "Akbarinia,S"]
[Result "1-0"]
[WhiteElo "2549"]
[BlackElo "2286"]

1.e4 c5 2.Nf3 d6 3.d4 cxd4 4.Nxd4 Nf6 5.Nc3 a6 6.g3 e5 7.Nde2 Be7 8.Bg2 O-O
9.a4 Be6 10.O-O Qc8 11.Bg5 Rd8 12.Qd2 h6 13.Be3 Bh3 14.Rfd1 Bxg2 15.Kxg2 Nbd7
16.f3 Qc6 17.b3 Bf8 18.Na2 Rdc8 19.Nb4 Qc7 20.Rac1 Qa5 21.Na2 Qxd2 22.Rxd2 Rc7
23.a5 Rac8 24.c4 Nc5 25.Rb1 Rb8 26.Nec3 Rcc8 27.Kf2 Be7 28.Ke2 Kf8 29.Kd1 Ncd7
30.Nb4 Ra8 31.Kc2 Bd8 32.Ra1 Bc7 33.Nbd5 Nxd5 34.Nxd5 Bd8 35.h4 Rab8 36.Kb2 Ke8
37.Nc3 Be7 38.Rdd1 Ra8 39.Nd5 Bd8 40.Bf2 Rab8 41.Kc2 Nf8 42.Ne3 Be7 43.Nf5 Ne6
44.Nxd6+ Bxd6 45.Rxd6 Ke7 46.Rd5 f6 47.Rad1 Ke8 48.Ba7 Ra8 49.Bb6 Nf8 50.f4 exf4
51.gxf4 Kf7 52.Rc5 Ke8 53.Rcd5 Kf7 54.Bc5 Re8 55.Bxf8 Kxf8 56.R1d4 Re7 57.Kd3 Kf7
58.Rd7 Rc8 59.b4 Rc7 60.Rd8 Kg6 61.R4d5 Rc6 62.Rf8 Rcc7 63.h5+ Kh7 64.f5  1-0

[Event "TCh-BEL 2003-4"]
[Site "Belgium BEL"]
[Date "2004.02.15"]
[Round "9"]
[White "Wemmers,X"]
[Black "Paehtz,T sr"]
[Result "0-1"]
[WhiteElo "2337"]
[BlackElo "2424"]

1.e4 c5 2.Nf3 d6 3.d4 cxd4 4.Nxd4 Nf6 5.Nc3 a6 6.g3 e5 7.Nde2 Be7 8.Bg2 Nbd7
9.h3 b5 10.g4 b4 11.Nd5 Nxd5 12.exd5 Bg5 13.Bxg5 Qxg5 14.Ng3 Nc5 15.a3 Rb8
16.O-O O-O 17.f4 exf4 18.Qd2 b3 19.c3 Bd7 20.Rxf4 Rbe8 21.Raf1 Bb5 22.R1f2 Qe5
23.Bf1 Bxf1 24.Rxf1 g6 25.Qd4 a5 26.R1f2 Qxd4 27.Rxd4 Kg7 28.Nf1 Re1 29.Kg2 Ne4
30.Rf3 Re2+ 31.Kg1 Re8 32.Re3 Rxe3 33.Nxe3 Nxc3 34.Rd3 Ne2+ 35.Kf2 Nf4 36.Rxb3 Nxh3+
37.Kg3 Ng5 38.Nc4 Ne4+ 39.Kf4 g5+ 40.Kf3 h5 41.gxh5 Kh6 42.Rb6 Kxh5 43.Nxd6 Nxd6
44.Rxd6 f5 45.Rc6 Re4 46.Rc5 g4+ 47.Kf2 Kg5 48.Rxa5 Rd4 49.Ke3 Rd1 50.Ke2 g3
51.Ra8 Rxd5 52.Kf3 Rd3+ 53.Kg2 Kg4 54.Rg8+ Kf4 55.Kh3 Ke4 56.Kg2 f4 57.Re8+ Kf5
58.Rf8+ Kg5 59.Rg8+ Kh6 60.Rg4 Rd2+ 61.Kg1 Rf2 62.b4 Kh5 63.Rg8 Kh4 64.b5 Rb2
65.a4 f3 66.Rh8+ Kg4 67.Rg8+ Kf4 68.Rf8+ Ke3 69.Re8+ Kd3 70.Rd8+ Kc2 71.Rc8+ Kb3
72.Rc1 Rg2+ 73.Kf1 Rh2  0-1

[Event "Aeroflot Open"]
[Site "Moscow RUS"]
[Date "2004.02.19"]
[Round "3"]
[White "Ivanov,AV USA"]
[Black "Najer,E"]
[Result "1/2-1/2"]
[WhiteElo "2537"]
[BlackElo "2602"]

1.e4 c5 2.Nf3 d6 3.d4 cxd4 4.Nxd4 Nf6 5.Nc3 a6 6.g3 e5 7.Nde2 Nbd7 8.a4 b6
9.Nd5 Nxd5 10.Qxd5 Rb8 11.Nc3 Be7 12.Bg2 O-O 13.O-O Bb7 14.Qd1 Rc8 15.Qe2 Nf6
16.Bg5 Rc5 17.Rfd1 h6 18.Bxf6 Bxf6 19.h4 Be7 20.Rd2 Qa8 21.Rad1 Rfc8 22.Qe3 b5
23.Bh3 R8c7 24.axb5 axb5 25.Bf1 Qa5 26.Nd5 Bxd5 27.Rxd5 Qb4 28.b3 Qa5 29.R1d2 Bf8
30.Qe2 Qb4 31.Bg2 Rxd5 32.Rxd5 Rc5 33.Rd3 Qa5 34.Qd1 Qc7 35.Rd2 Qc6 36.Qe2 h5
37.Qxh5 Rxc2 38.Rxc2 Qxc2 39.Qf3 Be7 40.Bf1 Qc5 41.Qd3 b4 42.Qa6 d5 43.Qa8+ Bf8
44.exd5 e4 45.d6 Qxd6 46.Qxe4 Qf6 47.Bd3 g6 48.Kg2 Bc5 49.Qe2 Kg7 50.Bc4 Qd4
51.Qe1 Qb2  1/2-1/2

[Event "Tringov mem Open"]
[Site "Plovdiv BUL"]
[Date "2004.02.20"]
[Round "7"]
[White "Janev,E"]
[Black "Bonev,T"]
[Result "1-0"]
[WhiteElo "2403"]
[BlackElo "2135"]

1.e4 c5 2.Nf3 d6 3.d4 cxd4 4.Nxd4 Nf6 5.Nc3 a6 6.g3 e5 7.Nde2 Be7 8.Bg2 Nbd7
9.a4 O-O 10.h3 b6 11.g4 Nc5 12.Ng3 h6 13.O-O Ne8 14.Nd5 Bg5 15.Nf5 g6 16.Bxg5 hxg5
17.Nfe7+ Kg7 18.b4 Ne6 19.Nc6 Qd7 20.b5 Qb7 21.Qd2 Bd7 22.Nde7 a5 23.Rfd1 f6
24.Bf1 Bxc6 25.Nxc6 Nf4 26.Ra3 Rh8 27.Rg3 Rc8 28.Qc3 Rc7 29.Qb3 Kf8 30.Qa3 Rch7
31.Rd2 Qd7 32.Qc3 Qc7 33.Qe3 Ng7 34.Qa3 Ne8 35.Bg2 Ne6 36.Rgd3 Nc5 37.Rd5 Rd7
38.Qa1 Ng7 39.Qd1 Nb7 40.Qf3 Rf7 41.Qb3 Ne8 42.Qc4 Nc5 43.Qa2 Rfh7 44.Qa3 Rd7
45.Kf1 Ng7 46.Qf3 Ne8 47.Kg1 Rf7 48.Bf1 Rfh7 49.Rxc5 dxc5 50.Rd8 Kg7 51.Qd1 Kh6
52.Qd2 Qf7 53.h4 Nc7 54.Rd6 Re8 55.Nd8 Qe7 56.Bc4 Rxd8 57.Rxd8 Ne6 58.Bxe6 Qxe6
59.f3 Qe7 60.Rd6 c4 61.c3 Rf7 62.Kg2 Kg7 63.hxg5 fxg5 64.Qd5 Qe8 65.Qc6 Qf8
66.Rxg6+ Kh7 67.Rxg5 Rf6 68.Qc7+  1-0